000 00548nam a22001575i 4500
001 169947
003 ES-MaACL
005 20230906214240.0
008 081223s1874 sp |||| | spa d
110 2 _aSociedad Histológica de Madrid.
_96783
245 1 0 _aEstatutos de la Sociedad Histológica de Madrid
_b: aprobados en junta general celebrada en 26 de mayo de 1874.
260 _aMadrid :
_b[s.n.],
_c1874 (
_fImpr. de F. García y D. Caravera)
300 _a22 p. ;
_c21 cm.
852 _aES-MaACL
_jT-208-F-17
852 _aES-MaACL
_jT-623-F-5
999 _c169947
_d169947